• 首页
  • 本馆介绍
  • 公告通知
  • 最新文献
  • 馆藏检索
  • 电子资源
  • 读者导购
  • 参考咨询
  • 我的图书馆
  • 登录
  • 详细信息显示
  • 放入我的书架
  • 预约/预借图书
  • 作者相关作品
  • 分类相关作品
  • 丛书相关作品
  • 出版社相关作品

书目信息

  • 表格格式
  • 工作单格式
  • 卡片格式
题名:
近代欧洲对美国教育的影响
    
 
作者: 贺国庆, 著
分册:  
出版信息: 保定   河北大学出版社  2000
页数: 170页
开本: 20cm
丛书名:
单 册:
中图分类: G571.29
科图分类:
主题词: 教育事业--世界
电子资源:
ISBN: 7-81028-236-0
000 00657nam0 2200193 450
001 CAL 012001442599
005 20070718165520.12
010    @a7-81028-236-0@dCNY10.00
200 1  @a近代欧洲对美国教育的影响@AJin Dai Ou Zhou Dui Mei Guo Jiao Yu De Ying Xiang@d= Modern europen influence in American education@f贺国庆著@zeng
205    @a第2版
210    @a保定@c河北大学出版社@d2000
215    @a170页@d20cm
320    @a有书目(第166-169页)
510 1  @aModern europen influence in American education@zeng
606 0  @a教育事业@x世界
690    @aG571.29@v3
701  0 @a贺国庆,@Ahe guo qing@f1961- @4著
801  0 @aCN@bPFT@c20070718
905    @a10447@dG571.29@e37=2
    
    近代欧洲对美国教育的影响= Modern europen influence in American education/贺国庆著.-第2版.-保定:河北大学出版社,2000
    170页;20cm
    
    
    ISBN 7-81028-236-0:CNY10.00
    
●
相关链接 在E读中查询图书 在五车中查询图书 在当当中查询图书 在豆瓣中查询图书


正题名:近代欧洲对美国教育的影响     索取号:G571.29/37=2         预约/预借

序号 登录号 条形码 馆藏地/架位号 状态 备注
1 0780918   207809184   第一样本阅览室/ [索取号:G571.29/37=2] 在馆    
2 0780919   207809193   第四借阅区/ [索取号:G571.29/37=2] 在馆    
3 0780920   207809200   第四借阅区/ [索取号:G571.29/37=2] 在馆    
4 0780921   207809219   第四借阅区/ [索取号:G571.29/37=2] 在馆    
5 0780922   207809228   第四借阅区/ [索取号:G571.29/37=2] 在馆    
6 0780923   207809237   第四借阅区/ [索取号:G571.29/37=2] 在馆    
7 0780924   207809246   第四借阅区/ [索取号:G571.29/37=2] 在馆    
8 0780925   207809255   第四借阅区/ [索取号:G571.29/37=2] 在馆    
9 0780926   207809264   第四借阅区/ [索取号:G571.29/37=2] 在馆    
10 0780927   207809273   第四借阅区/ [索取号:G571.29/37=2] 在馆    
唐山师范学院图书馆 欢迎您!
大连网信软件有限公司© 版权所有